00416 2200169 4500001002100000005001500021035002000036007000300056008004100059020000600100082001200106084001600118245004300134250000600177260005100183300001200234INLIS00000000000219120260415033749 a0010-0426000022ta260415 g 0 ind  a- a636.085 a636.085 SNI aSNI 3178:2024 Bahan Pakan - Dedak padi a- aJakarta :bBadan Standardisasi Nasional,c2024 a11 hlm.